000 00292nam a22001337a 4500
008 180922b xxu||||| |||| 00| 0 eng d
020 _a0941104249
041 _aeng
080 _a701
100 _a45
101 _aART
245 _aThe Art of Rini Templeton
_cNichols, J
942 _2udc
_cBK
999 _c48266
_d48266